Antisthenés a paideia
Antisthenova interpretácia sókratovského modelu výchovy, ktorá sa v dejinách stala podnetom ďalšieho rozvíjania filozofie ako životného projektu tých, čo sa usilujú žiť múdro a podľa pravdy.
Gespeichert in:
| 1. Verfasser: | |
|---|---|
| Format: | Buchkapitel |
| Sprache: | Slowakisch |
| Schlagworte: | |
| Tags: |
Keine Tags, Fügen Sie das erste Tag hinzu!
|
MARC
| LEADER | 00000naa a2200000 4500 | ||
|---|---|---|---|
| 001 | 0194118 | ||
| 005 | 20231204092525.3 | ||
| 041 | 0 | |a slo | |
| 044 | |a SK | ||
| 245 | 1 | 0 | |a Antisthenés a paideia |c Jaroslav Cepko |
| 520 | |a Antisthenova interpretácia sókratovského modelu výchovy, ktorá sa v dejinách stala podnetom ďalšieho rozvíjania filozofie ako životného projektu tých, čo sa usilujú žiť múdro a podľa pravdy. | ||
| 610 | 2 | 0 | |a filozofia |
| 610 | 2 | 0 | |a dejiny filozofie |
| 610 | 2 | 0 | |a smery filozofické |
| 610 | 2 | 0 | |a metódy poznania |
| 610 | 2 | 0 | |a výchova |
| 610 | 2 | 0 | |a paradigma |
| 610 | 2 | 0 | |a vedomie spoločenské |
| 100 | 1 | |a Cepko, Jaroslav | |